Statistics for Euro 2020 Group A - Turkey - Wales

Click here to take the quiz!

General Stats

  • This quiz has been taken 50 times
  • The average score is 16 of 31

Answer Stats

Player% Correct
Burak Yılmaz
86%
Gareth Bale
84%
Hakan Çalhanoğlu
80%
Aaron Ramsey ¹
75%
Çağlar Söyüncü
70%
Merih Demiral
68%
Uğurcan Çakır
64%
Cengiz Ünder
61%
Danny Ward
61%
Zeki Çelik
61%
Kieffer Moore
59%
Ozan Tufan
55%
Yusuf Yazıcı
55%
Ben Davies
52%
Daniel James
48%
Joe Allen
48%
Kenan Karaman
48%
Kaan Ayhan
45%
Neco Williams
43%
Okay Yokuşlu
43%
Ethan Ampadu
41%
Şenol Güneş
41%
Mert Müldür
39%
Umut Meraş
39%
Connor Roberts ¹
36%
Joe Rodon
34%
Chris Mepham
32%
Halil Dervişoğlu
32%
Rob Page
32%
Harry Wilson
27%
Joe Morrell
27%

Score Distribution

Percentile by Number Answered

Percent of People with Each Score

Your Score History

You have not taken this quiz